Personal communication: how to understand and be understood (Record no. 365654)

000 -LEADER
fixed length control field 00421cam a22001457a 4500
008 - FIXED-LENGTH DATA ELEMENTS--GENERAL INFORMATION
fixed length control field 180718b1966 xxu||||| |||| 00| 0 eng d
082 ## - DEWEY DECIMAL CLASSIFICATION NUMBER
Classification number K9581 F645
100 ## - MAIN ENTRY--PERSONAL NAME
Personal name Flinders, Neil J.
245 ## - TITLE STATEMENT
Title Personal communication: how to understand and be understood
Statement of responsibility, etc. by Neil J. Flinders
260 ## - PUBLICATION, DISTRIBUTION, ETC.
Place of publication, distribution, etc. Salt Lake City
Name of publisher, distributor, etc. Deseret
Date of publication, distribution, etc. 1966
300 ## - PHYSICAL DESCRIPTION
Extent 103p.
500 ## - GENERAL NOTE
General note $2.50
650 ## - SUBJECT ADDED ENTRY--TOPICAL TERM
Topical term or geographic name entry element Success
650 ## - SUBJECT ADDED ENTRY--TOPICAL TERM
Topical term or geographic name entry element Interpersonal RElations
Holdings
Withdrawn status Lost status Damaged status Not for loan Permanent Location Current Location Date acquired Full call number Barcode Date last seen Price effective from Koha item type
        Indian Institute of Public Administration Indian Institute of Public Administration 1994-04-25 K9581 F645 41066 2018-07-21 2018-07-21 Book

Powered by Koha